Quiz piłkarski z wiedzy ogólnej - Statystyki

Ogólne statystyki
  • Ten quiz został rozwiązany 61 razy
  • Średni wynik to 8 z 9
Statystyki odpowiedzi
Zagadnienie Odpowiedź % Poprawnych
Ile czasu trwa pierwsza połowa meczu 45min
100%
Ile regulaminowo trwa mecz 90min
100%
Który piłkarz wygrał najwięcej złotych piłek Messi
98%
Który klub ma najwięcej Lig mistrzów Real Madryt
98%
Czy sędzia może doliczyć czas gry do pierwszej połowy tak
98%
Który Polak zdobył złotą piłkę żaden
98%
Który klub wygrał najwięcej Lig Europy Sewilla
81%
Ile Lig Mistrzów ma FC Barcelona 5
80%
Który klub wygrał najwięcej pucharów Hiszpani FC Barcelona
46%
Nie znaleziono quizów pasujących do podanych kryteriów
Rozkład punktacji
Procent ludzi z każdym wynikiem
Percentyl według liczby udzielonych odpowiedzi
Twoja historia wyników
Nie rozwiązałeś tego quizu